Responses for show #6053 - Wednesday, December 29, 2010

Contestants

Ellen Kimmel, a school nurse from Nanuet, New York

Raghuveer Mukkamalla, an IT analyst from Herndon, Virginia

Marissa Goldsmith, a web developer from Springfield, Virginia (whose 3-day cash winnings total $44,100)

Jeopardy! Round responses

JOHANNES BRAHMS
A DAY AT THE HORSE RACES
U.S. FLAG ETIQUETTE
NOT SO FAMOUS LAST WORDS
DO TRY THIS AT HOME
"BABY" TALK
    $200 12
(Raghuveer: What is the violin?)

the piano

MarissaRaghuveer
    $200 6
Trigger

Ellen
    $200 7
the heart

Raghuveer
    $200 17
(Raghuveer: What is the Revolutionary War?)

the Civil War

MarissaRaghuveer
    $200 22
vacuuming

Raghuveer
    $200 1
a baby boom

Raghuveer
    $400 13
Liszt

Marissa
    $400 8
Pegasus

Marissa
    $400 27
burning it

Raghuveer
    $400 18
a parrot

Ellen
    $400 23
olive oil

Raghuveer
    $400 2
the baby blues

Ellen
    $600 14
Lullaby

Raghuveer
    $600 9
Pokey

Triple Stumper
    $600 28
a triangle

Marissa
    $600 19
birthday

Marissa
    $600 24
denture clean

Ellen
    $600 3
Baby Ruth

Raghuveer
    $800 15
symphonies

Raghuveer
    $800 10
Flicka

Marissa
    $1,500 29
Memorial Day

Marissa
    $800 20
Timothy Leary

Ellen
    $800 25
ironing

Ellen
    $800 4
baby doll

Marissa
    $1000 16
Hamburg

Raghuveer
    $1000 11
Bullseye

Triple Stumper
    $1000 30
the UN (the United Nations)

Ellen
    $1000 21
(Bobby) Fischer

Marissa
    $1000 26
(Ellen: What is caulk?)
(Raghuveer: What is veneer?)

putty

RaghuveerEllen
Triple Stumper
    $1000 5
a bush baby

Triple Stumper

Scores at the first commercial break (after clue 15):

Marissa Raghuveer Ellen
$2,600 $2,200 $600

Scores at the end of the Jeopardy! Round:

Marissa Raghuveer Ellen
$6,500 $3,000 $3,200

Double Jeopardy! Round responses

ISLAND NATIONS
TV CHARACTERS
FLY ME WITH BALLOONS
MED. ABBREV.
20th CENTURY FACES
BABY TALK
    $400 1
New Zealand

Marissa
    $400 17
Maxwell Smart

Ellen
    $400 16
parachutes

Ellen
    $400 8
ear, nose and throat

Raghuveer
    $400 6
Al Capone

Raghuveer
    $400 22
a crib

Ellen
    $800 2
Madagascar

Raghuveer
    $800 18
Ted Baxter

Ellen
    $800 27
helium

Marissa
    $800 10
pulmonary

Ellen
    $800 7
Eleanor Roosevelt

Ellen
    $800 23
a cradle

Ellen
    $1200 3
Trinidad & Tobago

Raghuveer
    $1200 19
(John) Locke

Marissa
    $5,000 28
(Marissa: What is London?)
(Alex: Oh no, you had to go to the other side for [*]. Remember the Montgolfier brothers.)

Paris

Marissa
    $1200 11
blood sugar

Ellen
    $1200 9
J.D. Salinger

Ellen
    $1200 24
formula

Marissa
    $1600 4
Cuba

Raghuveer
    $1600 20
Norm

Marissa
    $1600 29
(Richard) Branson

Raghuveer
    $1600 12
non-steroid anti-inflammatory drugs

Ellen
    $1600 14
Leon Trotsky

Raghuveer
    $3,500 25
(Alex: How old is your little one?)
(Marissa: Year old.)
(Alex: Still using the pacifier, am sure.)

a pacifier

Marissa
    $2000 5
(Ellen: What is Corsica?)

Malta

RaghuveerEllen
    $2000 21
(Alex: Yes, The Honeymooners.)

Ralph Kramden

Ellen
    $2000 30
Malcolm Forbes

Ellen
    $2000 13
(Alex: [*]. That's a tough one.)

coronary artery bypass graft

Triple Stumper
    $2000 15
(Neville) Chamberlain

Raghuveer
    $2000 26
bib

Raghuveer

Scores at the end of the Double Jeopardy! Round:

Marissa Raghuveer Ellen
$10,200 $16,600 $13,600

[wagering suggestions for these scores]

Final Jeopardy! Round responses

LITERARY LINES
MarissaWhat is Wicked?
$3,500
EllenWhat is Wicked?
$12,000
RaghuveerWhat is In Cold Blood?
$10,601
Wicked

Final scores:

Marissa Raghuveer Ellen
$13,700 $5,999 $25,600
2nd place: $2,000 3rd place: $1,000 New champion: $25,600

Game dynamics:

Coryat scores:

Marissa Raghuveer Ellen
$12,600 $16,600 $13,600
16 R
(including 2 DDs),
1 W
(including 1 DD)
19 R,
3 W
19 R,
2 W

Combined Coryat: $42,800

The J! Archive is created by fans, for fans. The Jeopardy! game show and all elements thereof, including but not limited to copyright and trademark thereto, are the property of Jeopardy Productions, Inc. and are protected under law. This website is not affiliated with, sponsored by, or operated by Jeopardy Productions, Inc. Join the discussion at JBoard.tv.